|
|
|
|
| LEADER |
00596nam a22001817a 4500 |
| 003 |
Ost |
| 005 |
20180907200705.0 |
| 008 |
180907b ||||| |||| 00| 0 eng d |
| 999 |
|
|
|c 2
|d 2
|
| 020 |
|
|
|a 9788175346369
|
| 082 |
|
|
|a 340
|b POS'07
|
| 100 |
|
|
|a Posner, Richard A.
|9 505
|
| 245 |
|
|
|a Overcoming law /
|c Richard A. Posner.
|
| 260 |
|
|
|a New Delhi :
|b Universal Law Publishing,
|c 2007.
|
| 300 |
|
|
|a 597 p.
|
| 500 |
|
|
|a Includes index
|
| 942 |
|
|
|2 ddc
|c REF
|
| 952 |
|
|
|0 0
|1 0
|2 ddc
|4 0
|6 340_000000000000000_POS07
|7 0
|9 2
|a NUALS
|b NUALS
|c REF
|d 2009-06-10
|l 2
|m 1
|o 340 POS'07
|p 5456
|r 2019-11-05
|s 2017-08-26
|w 2013-04-11
|y REF
|